| 000 | 00799nam a2200217 i 4500 | ||
|---|---|---|---|
| 001 | 145631 | ||
| 003 | ES-MaACL | ||
| 005 | 20250822003021.0 | ||
| 007 | t| | ||
| 008 | 071015s1972 sp ||||1| spa d | ||
| 100 | 1 |
_aVenturi, Robert. _9113928 |
|
| 245 | 1 | 0 |
_aComplejidad y contradicción en la arquitectura / _cRobert Venturi ; con una introducción de Vincent Scully ; [versión Antón Aguirregoitia Arechavaleta y Eduardo de Felipe Alonso]. |
| 260 |
_aBarcelona : _bGustavo Gili, _c[1972] |
||
| 300 |
_a234 p. : _bil. ; _c21 cm. |
||
| 650 | 1 | 4 |
_aArquitectura _99986 |
| 700 | 1 |
_aScully, Vincent. _9104975 |
|
| 700 | 1 |
_aAguirregoitia Arechavaleta, Antón. _918896 |
|
| 700 | 1 |
_aFelipe Alonso, Eduardo de _949171 |
|
| 852 |
_aES-MaACL _jC-43384 _bR.81974 |
||
| 999 |
_c145631 _d145631 |
||